Cuentos / (Registro nro. 14283)

000 -CABECERA
campo de control de longitud fija 01983cam a2200277 a 4500
001 - NÚMERO DE CONTROL
campo de control 193206
003 - IDENTIFICADOR DEL NÚMERO DE CONTROL
campo de control OSt
005 - FECHA Y HORA DE LA ÚLTIMA TRANSACCIÓN
campo de control 20220606084604.0
008 - DATOS DE LONGITUD FIJA--INFORMACIÓN GENERAL
campo de control de longitud fija 890515s19791978sp r 00010 spa d
020 ## - NÚMERO INTERNACIONAL ESTÁNDAR DEL LIBRO
Número Internacional Estándar del Libro 9788491815433
040 ## - FUENTE DE LA CATALOGACIÓN
Centro catalogador/agencia de origen la
Centro/agencia transcriptor la
041 0# - CÓDIGO DE LENGUA
Código de lengua del texto/banda sonora o título independiente spa
082 04 - NÚMERO DE LA CLASIFICACIÓN DECIMAL DEWEY
Número de clasificación AC
Número de documento/Ítem HERc
100 1# - ENTRADA PRINCIPAL--NOMBRE DE PERSONA
Nombre de persona Hesse, Hermann,
Fechas asociadas al nombre 1877-1962.
245 10 - MENCIÓN DE TÍTULO
Título Cuentos /
Mención de responsabilidad, etc. Hermann Hesse ; traductores Feliu Formosa ; Manuel Olasagasti.
260 ## - PUBLICACIÓN, DISTRIBUCIÓN, ETC.
Lugar de publicación, distribución, etc. Madrid :
Nombre del editor, distribuidor, etc. Alianza Editorial,
Fecha de publicación, distribución, etc. 2019.
300 ## - DESCRIPCIÓN FÍSICA
Extensión 451 pag.
Dimensiones 18 cm.
500 ## - NOTA GENERAL
Nota general Resumen de CUENTOS<br/>La presente selección de cuentos de Hermann Hesse (1877-1962), reúne los más notables y destacados de entre los muchos que escribió a lo largo de su larga vida. El conjunto pone de relieve las líneas de fuerza de un universo narrativo articulado por los mismos temas y obsesiones presentes en sus grandes novelas, como "El lobo estepario", "Demian", "Bajo las ruedas" o "El juego de los abalorios", todas ellas publicadas en esta misma colección, coloreado por una inconfundible sensibilidad estética y animado por los valores éticos y humanistas que caracterizan toda su obra.<br/>La presente selección de cuentos de Hermann Hesse (1877-1962), reúne los más notables y destacados de entre los muchos que escribió a lo largo de su larga vida. El conjunto pone de relieve las líneas de fuerza de un universo narrativo articulado por los mismos temas y obsesiones presentes en sus grandes novelas, como "El lobo estepario", "Demian", "Bajo las ruedas" o "El juego de los abalorios", todas ellas publicadas en esta misma colección, coloreado por una inconfundible sensibilidad estética y animado por los valores éticos y humanistas que caracterizan toda su obra.
504 ## - NOTA DE BIBLIOGRAFÍA, ETC.
Nota de bibliografía, etc. Incluye bibliograf�a.
534 ## - NOTA SOBRE LA VERSIÓN ORIGINAL
Frase introductoria T�tulo original.
Mención de título del original Die Erzablungen. Zweiter band.
650 ## - PUNTO DE ACCESO ADICIONAL DE MATERIA--TÉRMINO DE MATERIA
Término de materia o nombre geográfico como elemento de entrada Novela alemana.
700 1# - PUNTO DE ACCESO ADICIONAL--NOMBRE DE PERSONA
Nombre de persona Formosa, Feliu,
Fechas asociadas al nombre 1934-,
Término indicativo de función/relación tr.
700 1# - PUNTO DE ACCESO ADICIONAL--NOMBRE DE PERSONA
Nombre de persona Olasagasti, Manuel,
Término indicativo de función/relación tr.
942 ## - ELEMENTOS DE PUNTO DE ACCESO ADICIONAL (KOHA)
Fuente del sistema de clasificación o colocación
Tipo de ítem Koha Libro Literatura
949 ## - PROCESAMIENTO DE INFORMACIÓN LOCAL (OCLC)
a n
b n
Existencias
Estado de retiro Estado de pérdida Fuente del sistema de clasificación o colocación Estado dañado No para préstamo Código de colección Localización permanente Ubicación/localización actual Fecha de adquisición Fuente de adquisición Total de préstamos Renovaciones totales Signatura topográfica completa Código de barras Fecha visto por última vez Fecha del último préstamo Número de copia Precio válido a partir de Tipo de ítem Koha Nota pública
          Literatura Adulto Biblioteca Pública San Juan Bosco Biblioteca Pública San Juan Bosco 06/06/2022 Compra BPSJBM 2022 3 1 AC HERc MOS502345 03/10/2023 15/09/2023 ej 1 06/06/2022 Libro Literatura Quince dias
          Literatura Adulto Biblioteca Pública San Juan Bosco Biblioteca Pública San Juan Bosco 06/06/2022 Compra BPSJBM 2022 2   AC HERc MOS502346 15/09/2023 14/08/2023 ej 2 06/06/2022 Libro Literatura Quince dias

© Todos los derechos reservados para la Biblioteca Pública Municipal San Juan Bosco, 2020
Secretaria de Cultura de Mosquera
Carrera 3 N° 10 Esquina Centro Cultural Barrio El Carmén Teléfono: 8270830 Ext: 34
Funcionando con KOHA
Contacto: Biblioteca Pública Municipal San Juan Bosco/ bibliotecasanjuanbosco@mosquera-cundinamarca.gov.co
Mosquera, Cundinamarca